|
|
|
|
| LEADER |
00000nas a2200000 a 4500 |
| 001 |
ssj0000462641 |
| 003 |
WaSeSS |
| 005 |
20200512172242.0 |
| 006 |
m d |
| 007 |
cr n |
| 008 |
000330d19992009cy qr p s 0 0eng c |
| 010 |
|
|
|a 00248139
|
| 016 |
7 |
|
|a 009191944
|2 Uk
|
| 022 |
|
|
|a 1986-2601
|l 1450-0590
|y 1450-0590
|
| 035 |
|
|
|a (WaSeSS)ssj0000462641
|
| 037 |
|
|
|b Centre for World Dialogue, 39 Rega Fereou Street, CY-1087 Nicosia, Cyprus
|
| 040 |
|
|
|a NYP
|b eng
|c NYP
|d SYS
|d DLC
|d LVB
|d OCLCQ
|d UKMGB
|d OCLCQ
|d OCLCF
|d OCLCO
|d DLC
|d CUY
|d RDF
|d WaSeSS
|
| 042 |
|
|
|a pcc
|
| 050 |
0 |
0 |
|a HF1351
|b .G568
|
| 130 |
0 |
|
|a Global dialogue (Nicosia, Cyprus)
|
| 222 |
|
0 |
|a Global Dialogue, Nicosia
|
| 245 |
1 |
0 |
|a Global dialogue
|h [electronic resource].
|
| 260 |
|
|
|a Nicosia, Cyprus :
|b Centre for World Dialogue,
|c 1999-
|
| 310 |
|
|
|a Quarterly
|
| 362 |
0 |
|
|a Vol. 1, no. 1 (summer 1999)-
|
| 362 |
1 |
|
|a Ceased in print with: Vol. 11 (winter/spring 2009).
|
| 500 |
|
|
|a Title from cover.
|
| 506 |
|
|
|a License restrictions may limit access.
|
| 588 |
|
|
|a Latest issue consulted: Vol. 2, no. 1 (winter 2000).
|
| 650 |
|
0 |
|a International economic relations
|v Periodicals.
|
| 650 |
|
0 |
|a Globalization
|v Periodicals.
|
| 650 |
|
6 |
|a Relations économiques internationales
|v Périodiques.
|
| 650 |
|
6 |
|a Mondialisation
|v Périodiques.
|
| 650 |
|
7 |
|a Globalization.
|2 fast
|0 (OCoLC)fst00943532
|
| 650 |
|
7 |
|a International economic relations.
|2 fast
|0 (OCoLC)fst00976891
|
| 655 |
|
0 |
|a Electronic journals.
|
| 710 |
2 |
|
|a Centre for World Dialogue.
|
| 776 |
0 |
8 |
|i Continued online:
|t Global dialogue (Nicosia, Cyprus)
|x 1986-2601
|w (OCoLC)694025399
|
| 850 |
|
|
|a DLC
|a NN
|
| 853 |
0 |
0 |
|8 1
|a v.
|b no.
|u 4
|v r
|w q
|i (year)
|j (season)
|
| 856 |
4 |
0 |
|z Full text available from Research Library: 07/01/1999 to 01/31/2009
|u https://search.proquest.com/publication/55193
|
| 856 |
4 |
0 |
|z Full text available from Research Library: 01/01/2010 to 07/31/2013
|u https://search.proquest.com/publication/426362
|
| 863 |
4 |
1 |
|8 1
|a <2>
|b <1>
|i <2000>
|j <winter>
|